[Event "Pinneberg op Seniors 16th"]
[Site "Pinneberg"]
[Date "2015.07.09"]
[Round "2"]
[White "Albers, Friedemann"]
[Black "Pastorino, Peter"]
[Result "1/2-1/2"]
[WhiteElo "1698"]
[BlackElo "1567"]
[PlyCount "34"]
[EventDate "2015.07.02"]
[EventType "swiss"]
[EventRounds "7"]
[EventCountry "GER"]
[SourceTitle "EXT 2017"]
[Source "ChessBase"]
[SourceDate "2016.10.25"]
[SourceVersion "1"]
[SourceVersionDate "2016.10.25"]
[SourceQuality "1"]

1. d4 Nf6 2. c4 a6 3. Nf3 d5 4. e3 e6 5. Bd3 Be7 6. 0-0 0-0 7. b3 b5 8. Nbd2 Bb7 9. Qe2 Nbd7 10. Ne5 Re8 11. f4 g6 12. Rf2 Rf8 13. g4 bxc4 14. bxc4 c5 15. cxd5 Nxd5 16. e4 N5b6 17. Bb1 cxd4 1/2-1/2

[Event "Pinneberg op Seniors 16th"]
[Site "Pinneberg"]
[Date "2015.07.02"]
[Round "1"]
[White "Pastorino, Peter"]
[Black "Schalk, Edgar"]
[Result "1-0"]
[WhiteElo "1567"]
[BlackElo "1000"]
[PlyCount "101"]
[EventDate "2015.07.02"]
[EventType "swiss"]
[EventRounds "7"]
[EventCountry "GER"]
[SourceTitle "EXT 2017"]
[Source "ChessBase"]
[SourceDate "2016.10.25"]
[SourceVersion "1"]
[SourceVersionDate "2016.10.25"]
[SourceQuality "1"]

1. Nf3 d5 2. g3 Nf6 3. Bg2 e6 4. 0-0 Nc6 5. d3 Bc5 6. Nbd2 0-0 7. c3 Qe7 8. e4 Rd8 9. e5 Ng4 10. d4 Bb6 11. Nh4 Qg5 12. Ndf3 Qe7 13. h3 Nh6 14. Bg5 f6 15. exf6 Qf7 16. fxg7 Rd7 17. Bxh6 Qf6 18. Bf4 Rxg7 19. Qd2 Bd7 20. Ne5 Nxe5 21. Bxe5 Qg5 22. Qxg5 Rxg5 23. Kh2 Rf8 24. f4 Rg7 25. Bxg7 Kxg7 26. Nf3 Bb5 27. Rfe1 Rf6 28. a4 Bc4 29. a5 Bxa5 30. Rxa5 a6 31. Raa1 h6 32. Ne5 Bb5 33. Re3 Rf5 34. Rae1 Kf6 35. Ng4+ Ke7 36. Rxe6+ Kd7 37. Nxh6 Rf8 38. h4 Kc8 39. Bh3 Kb8 40. Re7 Rd8 41. Nf7 Rc8 42. Bxc8 Kxc8 43. h5 Bd7 44. h6 Bf5 45. Ng5 Kb8 46. g4 Bxg4 47. h7 Ka7 48. h8Q c6 49. Qg7 Kb6 50. Rxb7+ Ka5 51. Ra1# 1-0

[Event "Schleswig Holstein-ch Seniors"]
[Site "Hanerau"]
[Date "2015.04.02"]
[Round "8"]
[White "Pastorino, Peter"]
[Black "Butkereit, Hubert"]
[Result "1/2-1/2"]
[WhiteElo "1839"]
[BlackElo "1662"]
[PlyCount "37"]
[EventDate "2015.03.28"]
[EventType "swiss"]
[EventRounds "9"]
[EventCountry "GER"]
[SourceTitle "EXT 2018"]
[Source "ChessBase"]
[SourceDate "2017.10.13"]
[SourceVersion "1"]
[SourceVersionDate "2017.10.13"]
[SourceQuality "1"]

1. d4 c6 2. Nf3 g6 3. Bf4 Bg7 4. c3 a6 5. Nbd2 d6 6. h3 Nf6 7. e3 Nbd7 8. Be2 Nd5 9. Bh2 e5 10. Nc4 Qe7 11. dxe5 Nxe5 12. Nfxe5 Bxe5 13. Bxe5 dxe5 14. e4 Nf4 15. Nd6+ Kf8 16. Nxc8 Rxc8 17. g3 Rd8 18. Qc2 Nxe2 19. Qxe2 1/2-1/2

[Event "Schleswig Holstein-ch Seniors"]
[Site "Hanerau"]
[Date "2015.04.01"]
[Round "6"]
[White "Schierling, Eckhard"]
[Black "Pastorino, Peter"]
[Result "1/2-1/2"]
[WhiteElo "1748"]
[BlackElo "1839"]
[PlyCount "54"]
[EventDate "2015.03.28"]
[EventType "swiss"]
[EventRounds "9"]
[EventCountry "GER"]
[SourceTitle "EXT 2018"]
[Source "ChessBase"]
[SourceDate "2017.10.13"]
[SourceVersion "1"]
[SourceVersionDate "2017.10.13"]
[SourceQuality "1"]

1. e4 Nf6 2. Nc3 d5 3. exd5 Nxd5 4. Nxd5 Qxd5 5. Nf3 e5 6. d3 Be7 7. Be2 Nc6 8. Bd2 0-0 9. 0-0 Be6 10. a3 Rad8 11. Re1 Qd7 12. Bc3 f6 13. Qd2 Rfe8 14. Rad1 Bc5 15. Qc1 Bb6 16. Bf1 Bf7 17. Be2 Qf5 18. Rf1 Nd4 19. Bxd4 exd4 20. Rfe1 c5 21. Bf1 Bd5 22. Nd2 Re5 23. Be2 Bc7 24. Bf3 Qg6 25. Bxd5+ Rexd5 26. Nf3 Rf8 27. Re2 Ba5 1/2-1/2

[Event "Schleswig Holstein-ch Seniors"]
[Site "Hanerau"]
[Date "2015.03.29"]
[Round "2"]
[White "Wichmann, Gerd"]
[Black "Pastorino, Peter"]
[Result "1/2-1/2"]
[WhiteElo "1524"]
[BlackElo "1839"]
[PlyCount "66"]
[EventDate "2015.03.28"]
[EventType "swiss"]
[EventRounds "9"]
[EventCountry "GER"]
[SourceTitle "EXT 2018"]
[Source "ChessBase"]
[SourceDate "2017.10.13"]
[SourceVersion "1"]
[SourceVersionDate "2017.10.13"]
[SourceQuality "1"]

1. c4 c5 2. Nc3 Nf6 3. Nf3 Nc6 4. e3 e5 5. Be2 d5 6. cxd5 Nxd5 7. Bb5 Nxc3 8. Bxc6+ bxc6 9. dxc3 Qxd1+ 10. Kxd1 f6 11. c4 Be6 12. b3 Be7 13. Ke2 a5 14. e4 a4 15. Be3 Kf7 16. Nd2 Ra6 17. Kd3 Rha8 18. Rhb1 f5 19. f3 axb3 20. Rxb3 Rxa2 21. Rxa2 Rxa2 22. Rb7 Kf6 23. Rc7 f4 24. Bf2 Bxc4+ 25. Kxc4 Rxd2 26. Bh4+ g5 27. Bxg5+ Kxg5 28. Rxe7 Kf6 29. Rxh7 Rxg2 30. Kxc5 Rc2+ 31. Kd6 Rc3 32. Rh6+ Kg7 33. Rh3 Kf6 1/2-1/2

[Event "Pinneberg-ch"]
[Site "Pinneberg"]
[Date "2012.09.13"]
[Round "5"]
[White "Pastorino, Peter"]
[Black "Kneip, Jakob"]
[Result "0-1"]
[WhiteElo "1909"]
[BlackElo "1881"]
[PlyCount "84"]
[EventDate "2012.08.16"]
[EventType "swiss"]
[EventRounds "7"]
[EventCountry "GER"]
[SourceTitle "EXT 2013"]
[Source "ChessBase"]
[SourceDate "2012.11.22"]
[SourceVersion "1"]
[SourceVersionDate "2012.11.22"]
[SourceQuality "1"]

1. c4 c6 2. Nc3 d5 3. e3 Nf6 4. d4 e6 5. Nf3 Nbd7 6. Bd3 dxc4 7. Bxc4 b5 8. Be2 Bb7 9. 0-0 Be7 10. a3 0-0 11. e4 Nb6 12. Bg5 a6 13. Qc2 h6 14. Bh4 Rc8 15. Rad1 Nbd7 16. Qb1 c5 17. dxc5 Rxc5 18. Rd2 Rxc3 19. Bxf6 Rc8 20. Bxe7 Qxe7 21. Nd4 Ne5 22. f3 Qc5 23. Kh1 Rfd8 24. Nb3 Qe3 25. Rxd8+ Rxd8 26. Qc2 Rc8 27. Qd1 Ng6 28. g3 Ne5 29. Kg2 Kh7 30. Rf2 Qb6 31. Bf1 f5 32. Qd4 Qxd4 33. Nxd4 fxe4 34. Nxe6 exf3+ 35. Kh3 Rc1 36. Nd4 Bc8+ 37. g4 Nxg4 38. Kg3 Nxf2 39. Kxf2 Bb7 40. Bd3+ Kg8 41. Nb3 Rd1 42. Bg6 Bd5 0-1

[Event "Pinneberg-ch"]
[Site "Pinneberg"]
[Date "2012.09.06"]
[Round "4"]
[White "Nitz, Florian"]
[Black "Pastorino, Peter"]
[Result "1/2-1/2"]
[WhiteElo "1397"]
[BlackElo "1909"]
[PlyCount "114"]
[EventDate "2012.08.16"]
[EventType "swiss"]
[EventRounds "7"]
[EventCountry "GER"]
[SourceTitle "EXT 2013"]
[Source "ChessBase"]
[SourceDate "2012.11.22"]
[SourceVersion "1"]
[SourceVersionDate "2012.11.22"]
[SourceQuality "1"]

1. c4 c5 2. Nc3 Nf6 3. Nf3 Nc6 4. g3 d5 5. cxd5 Nxd5 6. Bg2 e5 7. Nxe5 Nxe5 8. Bxd5 Be7 9. 0-0 0-0 10. d3 Ng6 11. Be3 Rb8 12. Bg2 b6 13. Qa4 a6 14. Rac1 b5 15. Qc2 Bb7 16. Ne4 Rc8 17. Nxc5 Bxg2 18. Kxg2 Qd5+ 19. Kg1 h5 20. b4 h4 21. Qb3 Qa8 22. f3 Rfe8 23. Ne4 Rcd8 24. Bc5 hxg3 25. hxg3 Qb7 26. Kf2 Ne5 27. Rh1 Bxc5+ 28. Rxc5 Qd7 29. Rh5 Qd4+ 30. Kg2 Nd7 31. Rcd5 Qe3 32. Kf1 Rc8 33. Rxd7 Rc1+ 34. Kg2 Qxe2+ 35. Kh3 Qxf3 36. Qxf7+ Qxf7 37. Rxf7 Kxf7 38. Nd6+ Kg6 39. Nxe8 Rh1+ 40. Kg4 Rxh5 41. Nc7 Rh2 42. Nxa6 Rxa2 43. Nc7 Rb2 44. Nd5 Kf7 45. Kf5 Rg2 46. Kg4 Rd2 47. Nf4 Kf6 48. Kf3 Ke5 49. Ke3 Rb2 50. d4+ Kd6 51. Nd3 Rb1 52. Ke4 Rb3 53. g4 g6 54. g5 Rb1 55. Nf4 Rg1 56. Nxg6 Rxg5 57. Ne5 Rg1 1/2-1/2

[Event "Pinneberg-ch"]
[Site "Pinneberg"]
[Date "2012.08.16"]
[Round "1"]
[White "Pastorino, Peter"]
[Black "Gollasch, Theo Heinz"]
[Result "1/2-1/2"]
[WhiteElo "1909"]
[BlackElo "2059"]
[PlyCount "78"]
[EventDate "2012.08.16"]
[EventType "swiss"]
[EventRounds "7"]
[EventCountry "GER"]
[SourceTitle "EXT 2013"]
[Source "ChessBase"]
[SourceDate "2012.11.22"]
[SourceVersion "1"]
[SourceVersionDate "2012.11.22"]
[SourceQuality "1"]

1. c4 c6 2. e4 d5 3. exd5 cxd5 4. d4 Nf6 5. Nc3 Nc6 6. Bg5 dxc4 7. Bxc4 e6 8. Nge2 Be7 9. 0-0 0-0 10. a3 b6 11. Re1 Bb7 12. Rc1 Nd5 13. Bxe7 Ncxe7 14. Bd3 h6 15. Rc2 Rc8 16. Qd2 Nf6 17. Rec1 Ned5 18. Nxd5 Qxd5 19. f3 Rxc2 20. Rxc2 Rd8 21. Bc4 Qd6 22. Qe3 a6 23. Bb3 Bd5 24. Bxd5 Nxd5 25. Qe4 b5 26. b4 a5 27. Rc5 axb4 28. axb4 Qa6 29. Qb1 g6 30. Qb2 Qa4 31. Nc3 Nxc3 32. Qxc3 Qd1+ 33. Kf2 Rxd4 34. Rxb5 Rd2+ 35. Kg3 Rd8 36. Qe5 Kh7 37. Rb7 Kg8 38. Qf4 Rf8 39. Qe5 h5 1/2-1/2

[Event "Pinneberg-ch"]
[Site "Pinneberg"]
[Date "2011.08.25"]
[Round "2"]
[White "Tornier, Siegfried"]
[Black "Pastorino, Peter"]
[Result "1/2-1/2"]
[WhiteElo "1529"]
[BlackElo "1909"]
[PlyCount "69"]
[EventDate "2011.08.18"]
[EventType "swiss"]
[EventRounds "7"]
[EventCountry "GER"]
[SourceTitle "CBM 144 Extra"]
[Source "ChessBase"]
[SourceDate "2011.10.28"]
[SourceVersion "1"]
[SourceVersionDate "2011.10.28"]
[SourceQuality "1"]

1. e4 c6 2. Nc3 d5 3. exd5 cxd5 4. d3 e5 5. Be2 Nf6 6. a3 Nc6 7. Nf3 Be7 8. 0-0 0-0 9. b4 a6 10. Bb2 b5 11. Re1 Bb7 12. Bf1 Qc7 13. Ne2 Bd6 14. Ng3 Bc8 15. Qd2 h6 16. Nh4 Ne7 17. Nf3 Ng6 18. h3 Be6 19. Rad1 Rac8 20. c4 e4 21. dxe4 Bxg3 22. fxg3 Nxe4 23. Qd4 Nf6 24. cxd5 Bxd5 25. Ne5 Nxe5 26. Rxe5 Bc4 27. Bxc4 Qxc4 28. Qxc4 Rxc4 29. Rd6 Ra8 30. Re3 Ne4 31. Rd1 a5 32. bxa5 Rxa5 33. Bd4 Nc5 34. Bxc5 Rxc5 35. Rb1 1/2-1/2

[Event "Pinneberg-ch"]
[Site "Pinneberg"]
[Date "2010.09.16"]
[Round "4"]
[White "Iwanow, Thomas"]
[Black "Pastorino, Peter"]
[Result "1-0"]
[WhiteElo "1834"]
[BlackElo "1702"]
[PlyCount "75"]
[EventDate "2010.08.26"]
[EventType "swiss"]
[EventRounds "7"]
[EventCountry "GER"]
[SourceTitle "EXT 2011"]
[Source "ChessBase"]
[SourceDate "2010.11.26"]
[SourceVersion "1"]
[SourceVersionDate "2010.11.26"]
[SourceQuality "1"]

1. d4 d5 2. Nf3 Nf6 3. c4 c6 4. Nc3 dxc4 5. a4 Bg4 6. e3 e6 7. Bxc4 Bb4 8. Be2 Nbd7 9. Bd2 0-0 10. h3 Bh5 11. 0-0 Qc7 12. Rc1 Bxc3 13. Bxc3 Rad8 14. Nd2 Bxe2 15. Qxe2 Nd5 16. Nc4 Nxc3 17. Rxc3 Nf6 18. Ne5 Rd5 19. Qc2 Rfd8 20. b4 Nd7 21. Nxd7 Qxd7 22. Rc5 Qe7 23. Rc1 g6 24. f4 Qh4 25. Qf2 Qf6 26. Qb2 h5 27. b5 Rxc5 28. Rxc5 Rd5 29. bxc6 bxc6 30. Qb8+ Kh7 31. Qxa7 Kg7 32. a5 Rxc5 33. Qxc5 Qh4 34. Qc3 Kh6 35. d5 Qd8 36. dxc6 Qc8 37. c7 h4 38. a6 1-0

[Event "Pinneberg-ch"]
[Site "Pinneberg"]
[Date "2010.08.26"]
[Round "1"]
[White "Pastorino, Peter"]
[Black "Wolff, Stefan"]
[Result "0-1"]
[WhiteElo "1702"]
[BlackElo "1993"]
[PlyCount "82"]
[EventDate "2010.08.26"]
[EventType "swiss"]
[EventRounds "7"]
[EventCountry "GER"]
[SourceTitle "EXT 2011"]
[Source "ChessBase"]
[SourceDate "2010.11.26"]
[SourceVersion "1"]
[SourceVersionDate "2010.11.26"]
[SourceQuality "1"]

1. Nf3 c5 2. g3 Nc6 3. Bg2 g6 4. 0-0 Bg7 5. d3 e6 6. c3 Nge7 7. e4 0-0 8. Be3 b6 9. Na3 d5 10. Nc2 Ba6 11. Re1 d4 12. cxd4 cxd4 13. Bc1 Rc8 14. b3 Qc7 15. Ba3 Rfd8 16. Re2 h6 17. Rc1 Qd7 18. Nfe1 g5 19. Qd2 Ng6 20. f4 gxf4 21. gxf4 e5 22. f5 Nf4 23. Rf2 Kh7 24. Rf3 Rg8 25. Kh1 Bf6 26. Bf1 Rg7 27. Ng2 Rcg8 28. Nce1 Bh4 29. h3 Bg5 30. Nxf4 exf4 31. h4 Bxh4 32. Rh3 Rg1+ 33. Kh2 Bg3+ 34. Rxg3 R1xg3 35. Bh3 Re3 36. Ng2 Ne5 37. Rf1 Nf3+ 38. Rxf3 Rxf3 39. Nh4 Re3 40. Ng2 Rgg3 41. Nxf4 Qc7 0-1

[Event "Pinneberg-ch"]
[Site "Pinneberg"]
[Date "2009.10.08"]
[Round "7"]
[White "Chaichi Tehrani, Fereydoon"]
[Black "Pastorino, Peter"]
[Result "1/2-1/2"]
[WhiteElo "1118"]
[BlackElo "1692"]
[PlyCount "132"]
[EventDate "2009.08.27"]
[EventType "swiss"]
[EventRounds "7"]
[EventCountry "GER"]
[SourceTitle "EXT 2012"]
[Source "ChessBase"]
[SourceDate "2011.11.24"]
[SourceVersion "1"]
[SourceVersionDate "2011.11.24"]
[SourceQuality "1"]

1. e4 g6 2. Nc3 Bg7 3. d4 d6 4. h4 Nf6 5. Bg5 h6 6. Bxf6 exf6 7. Qd2 c6 8. 0-0-0 Nd7 9. Kb1 Nb6 10. f4 f5 11. d5 c5 12. Re1 0-0 13. e5 Re8 14. Bb5 Re7 15. Nf3 a6 16. Bf1 Rb8 17. g3 Na8 18. h5 b5 19. hxg6 fxg6 20. e6 b4 21. Na4 Nb6 22. Nxb6 Qxb6 23. Bh3 Bc3 24. Qh2 Bxe1 25. Bxf5 Bc3 26. Bxg6 Bxe6 27. dxe6 Bg7 28. Bf7+ Kf8 29. Nh4 Rxf7 30. exf7 Qd8 31. Nf5 Qf6 32. Nxg7 Qxg7 33. Qxh6 Qxh6 34. Rxh6 Kxf7 35. Rxd6 Re8 36. Kc1 Re1+ 37. Kd2 Rg1 38. Rxa6 Rxg3 39. Rc6 Rf3 40. Rxc5 Rxf4 41. b3 Ke6 42. Rc4 Rf2+ 43. Kd3 Rh2 44. Kd4 Kd6 45. Rxb4 Rxc2 46. a4 Rh2 47. Kc3 Rh3+ 48. Kb2 Rh2+ 49. Ka3 Rh1 50. Rg4 Kc6 51. Kb4 Re1 52. Rg6+ Kb7 53. Kb5 Rf1 54. Rg5 Rf6 55. a5 Ka7 56. b4 Kb7 57. a6+ Ka7 58. Rg7+ Ka8 59. Ka5 Re6 60. b5 Rh6 61. a7 Ra6+ 62. Kb4 Rb6 63. Kc5 Rxb5+ 64. Kd6 Rb6+ 65. Kd5 Rd6+ 66. Kc5 Rc6+ 1/2-1/2

[Event "Pinneberg-ch"]
[Site "Pinneberg"]
[Date "2009.08.27"]
[Round "1"]
[White "Atri, Jamshid"]
[Black "Pastorino, Peter"]
[Result "1-0"]
[WhiteElo "2059"]
[BlackElo "1692"]
[PlyCount "49"]
[EventDate "2009.08.27"]
[EventType "swiss"]
[EventRounds "7"]
[EventCountry "GER"]
[SourceTitle "EXT 2012"]
[Source "ChessBase"]
[SourceDate "2011.11.24"]
[SourceVersion "1"]
[SourceVersionDate "2011.11.24"]
[SourceQuality "1"]

1. e4 d6 2. d4 Nf6 3. Nc3 c6 4. f4 Qa5 5. Bd3 Nbd7 6. e5 dxe5 7. fxe5 Nd5 8. e6 fxe6 9. Qh5+ Kd8 10. Nf3 g6 11. Qh4 Nxc3 12. Bd2 Bg7 13. Bxc3 Qd5 14. 0-0 Nf6 15. Ne5 Rf8 16. Rfe1 b5 17. a4 Bb7 18. Re2 a6 19. Ba5+ Ke8 20. Bd2 Rc8 21. c4 bxc4 22. Bxc4 Qd6 23. Nf3 c5 24. Rxe6 Qd7 25. Rae1 1-0

[Event "Pinneberg-ch"]
[Site "Pinneberg"]
[Date "2008.10.02"]
[Round "6"]
[White "Knops, Peter"]
[Black "Pastorino, Peter"]
[Result "1-0"]
[WhiteElo "2025"]
[BlackElo "1686"]
[PlyCount "39"]
[EventDate "2008.08.28"]
[EventType "swiss"]
[EventRounds "7"]
[EventCountry "GER"]
[SourceTitle "EXT 2011"]
[Source "ChessBase"]
[SourceDate "2010.11.26"]
[SourceVersion "1"]
[SourceVersionDate "2010.11.26"]
[SourceQuality "1"]

1. e4 d6 2. d4 Nf6 3. Nc3 c6 4. f4 Qa5 5. Bd3 e5 6. Nf3 Bg4 7. Be3 d5 8. fxe5 Nxe4 9. 0-0 Nxc3 10. bxc3 Be7 11. Qe1 Nd7 12. Qg3 Be6 13. Ng5 Nf8 14. Rab1 Qc7 15. Nxf7 Bxf7 16. Qxg7 0-0-0 17. Rxf7 Ng6 18. Bxg6 Rhg8 19. Bf5+ Kb8 20. Qh6 1-0

[Event "Pinneberg-ch"]
[Site "Pinneberg"]
[Date "2008.09.25"]
[Round "5"]
[White "Pastorino, Peter"]
[Black "Hochreiner, Juergen"]
[Result "1-0"]
[WhiteElo "1686"]
[BlackElo "1866"]
[PlyCount "79"]
[EventDate "2008.08.28"]
[EventType "swiss"]
[EventRounds "7"]
[EventCountry "GER"]
[SourceTitle "EXT 2011"]
[Source "ChessBase"]
[SourceDate "2010.11.26"]
[SourceVersion "1"]
[SourceVersionDate "2010.11.26"]
[SourceQuality "1"]

1. Nf3 e6 2. e4 b6 3. d4 Bb7 4. Bd3 Nf6 5. Bg5 Be7 6. Nbd2 d5 7. Qe2 dxe4 8. Nxe4 Nd5 9. Bd2 Nd7 10. c3 h6 11. 0-0 c6 12. c4 N5f6 13. Bc3 Qc7 14. Ne5 Nxe5 15. dxe5 Nxe4 16. Bxe4 0-0-0 17. a4 Bc5 18. a5 Bd4 19. axb6 axb6 20. Bf3 Qe7 21. Be4 Qc5 22. Qf3 Bxc3 23. bxc3 Rd7 24. Rfe1 Rhd8 25. h3 Kc7 26. Ra7 Ra8 27. Rxa8 Bxa8 28. Bd3 Bb7 29. Qe2 Qa3 30. Qc2 Rd8 31. Rd1 Qc5 32. Re1 Ra8 33. Bf1 Ra3 34. Qh7 Ra2 35. Be2 Qxe5 36. Qd3 c5 37. Rd1 Bc6 38. Bf3 Bxf3 39. Qd8+ Kc6 40. Qd7# 1-0

[Event "Pinneberg-ch"]
[Site "Pinneberg"]
[Date "2007.09.27"]
[Round "5"]
[White "Pastorino, Peter"]
[Black "Jarnuczak, Detlev"]
[Result "0-1"]
[WhiteElo "1728"]
[BlackElo "2012"]
[PlyCount "84"]
[EventDate "2007.08.30"]
[EventType "swiss"]
[EventRounds "7"]
[EventCountry "GER"]
[SourceTitle "CBM 120 Extra"]
[Source "ChessBase"]
[SourceDate "2007.11.01"]
[SourceVersion "1"]
[SourceVersionDate "2007.11.01"]
[SourceQuality "1"]

1. Nf3 d5 2. g3 Nf6 3. Bg2 c6 4. 0-0 Bg4 5. h3 Bh5 6. d3 Nbd7 7. Nbd2 e5 8. e4 Bd6 9. a4 a5 10. Qe1 0-0 11. g4 Bg6 12. Nh4 dxe4 13. dxe4 Re8 14. Nf5 Bc7 15. Nc4 Nf8 16. Bg5 Ne6 17. Rd1 Qb8 18. Bxf6 gxf6 19. Qe3 Nf4 20. Rd7 b5 21. axb5 cxb5 22. Ncd6 Re6 23. Nh6+ Kf8 24. Ndxf7 Bb6 25. Qd2 Ra7 26. Rd1 Rxd7 27. Qxd7 Re7 28. Qd6 Qxd6 29. Rxd6 Bc7 30. Rxf6 Bxf7 31. Nf5 Re6 32. Rxe6 Bxe6 33. Bf1 Bd7 34. Kh2 a4 35. f3 b4 36. Bc4 a3 37. bxa3 bxa3 38. Ne3 Ke7 39. Nf5+ Kf6 40. Ba2 Be6 41. c4 Nd3 42. Ne3 Nc1 0-1

[Event "Schleswig Holstein-ch Seniors 62nd"]
[Site "Itzehoe"]
[Date "2007.04.02"]
[Round "4"]
[White "Pastorino, Peter"]
[Black "Hermann, Armin"]
[Result "1/2-1/2"]
[WhiteElo "1731"]
[BlackElo "1523"]
[PlyCount "132"]
[EventDate "2007.03.31"]
[EventType "swiss"]
[EventRounds "9"]
[EventCountry "GER"]
[SourceTitle "EXT 2010"]
[Source "ChessBase"]
[SourceDate "2010.11.25"]
[SourceVersion "1"]
[SourceVersionDate "2010.11.25"]
[SourceQuality "1"]

1. Nf3 d5 2. g3 Nf6 3. Bg2 c5 4. 0-0 Nc6 5. d3 e5 6. Nbd2 Bd6 7. e4 d4 8. h3 Bd7 9. c3 Qc8 10. Kh2 h6 11. Nc4 Bc7 12. a4 Nh7 13. Ng1 0-0 14. f4 exf4 15. Bxf4 Bxf4 16. gxf4 Qc7 17. Kh1 Rad8 18. Rf3 Be6 19. Nd2 Qb6 20. f5 Bc8 21. Nc4 Qc7 22. Qe1 Rfe8 23. Qf2 Ne5 24. Nxe5 Qxe5 25. c4 Nf6 26. Qh4 Kf8 27. Ne2 Ng8 28. Raf1 Qf6 29. Qh5 Qg5 30. Nf4 Nf6 31. Qxg5 hxg5 32. Ne2 Bd7 33. b3 a6 34. Rg3 Nh7 35. Bf3 b5 36. axb5 axb5 37. Rfg1 Rb8 38. h4 f6 39. Bh5 Re7 40. Bg6 Kg8 41. Bxh7+ Kxh7 42. hxg5 fxg5 43. Rxg5 Ra8 44. Nf4 Ra6 45. Ng6 Re8 46. Rh5+ Kg8 47. Rh8+ Kf7 48. Rxe8 Bxe8 49. Ne5+ Kf8 50. cxb5 Bxb5 51. Rc1 Ra3 52. Rxc5 Rxb3 53. Rd5 Bxd3 54. Rxd4 Bb1 55. Ng4 Rg3 56. Nf2 Re3 57. Kg2 Ke7 58. Rb4 Re1 59. Kf3 Kf6 60. Kg4 Kf7 61. e5 Rf1 62. Rb2 g6 63. Rb7+ Kf8 64. Rb8+ Kf7 65. e6+ Ke7 66. Rb7+ Ke8 1/2-1/2

[Event "Schleswig Holstein-ch Seniors 62nd"]
[Site "Itzehoe"]
[Date "2007.04.02"]
[Round "3"]
[White "Zimmermann, Manfred"]
[Black "Pastorino, Peter"]
[Result "1-0"]
[WhiteElo "1820"]
[BlackElo "1731"]
[PlyCount "89"]
[EventDate "2007.03.31"]
[EventType "swiss"]
[EventRounds "9"]
[EventCountry "GER"]
[SourceTitle "EXT 2010"]
[Source "ChessBase"]
[SourceDate "2010.11.25"]
[SourceVersion "1"]
[SourceVersionDate "2010.11.25"]
[SourceQuality "1"]

1. Nf3 Nf6 2. g3 d5 3. Bg2 g6 4. b3 Bg7 5. Bb2 0-0 6. 0-0 c5 7. e3 Nc6 8. c4 dxc4 9. bxc4 Bg4 10. Qb3 Bxf3 11. Bxf3 Rb8 12. Rd1 Qd7 13. d4 Qf5 14. Bg2 Nb4 15. Na3 b6 16. f3 h5 17. e4 Qc8 18. d5 Ne8 19. e5 Qf5 20. f4 h4 21. Qe3 h3 22. Be4 Qc8 23. Rd2 a6 24. Nc2 Nxc2 25. Rxc2 Qc7 26. a4 a5 27. Bd3 Rd8 28. Be2 f6 29. Bg4 fxe5 30. fxe5 Kh7 31. Bxh3 Bh6 32. Qe4 Ng7 33. Bc1 Bxc1 34. Rcxc1 Nf5 35. Rf1 Nd4 36. Rxf8 Rxf8 37. Rf1 Qd8 38. Rf2 Kg7 39. Bf1 Qe8 40. Bd3 Rxf2 41. Kxf2 Qf7+ 42. Kg2 Qe8 43. g4 Qf7 44. h4 Kf8 45. Kg3 1-0

[Event "Schleswig Holstein-ch Seniors 62nd"]
[Site "Itzehoe"]
[Date "2007.03.31"]
[Round "1"]
[White "Janssen, Helmut"]
[Black "Pastorino, Peter"]
[Result "1/2-1/2"]
[WhiteElo "1830"]
[BlackElo "1731"]
[PlyCount "43"]
[EventDate "2007.03.31"]
[EventType "swiss"]
[EventRounds "9"]
[EventCountry "GER"]
[SourceTitle "EXT 2010"]
[Source "ChessBase"]
[SourceDate "2010.11.25"]
[SourceVersion "1"]
[SourceVersionDate "2010.11.25"]
[SourceQuality "1"]

1. e4 c6 2. d4 d5 3. Nc3 dxe4 4. Nxe4 Bf5 5. Ng3 Bg6 6. Nf3 e6 7. Bd3 Bxd3 8. Qxd3 Qc7 9. 0-0 Nf6 10. Re1 Be7 11. Ne5 0-0 12. c3 Na6 13. b4 Rad8 14. Qf3 Nb8 15. Bg5 Nd5 16. Bxe7 Nxe7 17. a3 Nd7 18. Nxd7 Qxd7 19. Rac1 Qd5 20. Qxd5 Rxd5 21. Re2 Ng6 22. Rce1 1/2-1/2

[Event "Pinneberg-ch"]
[Site "Pinneberg"]
[Date "2006.09.28"]
[Round "7.20"]
[White "Wegemund, Hubert"]
[Black "Pastorino, Peter"]
[Result "0-1"]
[WhiteElo "1835"]
[BlackElo "1709"]
[PlyCount "80"]
[EventDate "2006.08.22"]
[EventType "swiss"]
[EventRounds "7"]
[EventCountry "GER"]
[SourceTitle "EXT 2007"]
[Source "ChessBase"]
[SourceDate "2006.11.23"]
[SourceVersion "1"]
[SourceVersionDate "2006.11.23"]
[SourceQuality "1"]

1. e4 c6 2. d4 d5 3. Nc3 dxe4 4. Nxe4 Bf5 5. Ng3 Bg6 6. h4 h6 7. Bc4 e6 8. N1e2 Bd6 9. Nf4 Bxf4 10. Bxf4 Nf6 11. Ne2 Nbd7 12. Bb3 Bh5 13. Bd6 Ne4 14. Ba3 Qc7 15. Rh3 0-0-0 16. Qd3 Bg6 17. Qe3 Qa5+ 18. c3 Rhe8 19. f3 Nef6 20. Nf4 Nd5 21. Qd2 Nxf4 22. Qxf4 e5 23. dxe5 Rxe5+ 24. Kf2 Rde8 25. Rd1 Qb6+ 26. Kg3 Nf6 27. Qd4 Qxd4 28. Rxd4 Re2 29. Rh1 Nh5+ 30. Kh3 Rf2 31. Bd1 Rd8 32. Rxd8+ Kxd8 33. g4 Nf6 34. Kg3 Rd2 35. Bb3 h5 36. g5 Nd7 37. Re1 c5 38. Ba4 b6 39. Kf4 Rh2 40. Rd1 Rxh4+ 0-1

[Event "Pinneberg-ch"]
[Site "Pinneberg"]
[Date "2006.09.15"]
[Round "5.29"]
[White "Hotze, Kurt"]
[Black "Pastorino, Peter"]
[Result "1/2-1/2"]
[WhiteElo "1642"]
[BlackElo "1709"]
[PlyCount "43"]
[EventDate "2006.08.22"]
[EventType "swiss"]
[EventRounds "7"]
[EventCountry "GER"]
[SourceTitle "EXT 2007"]
[Source "ChessBase"]
[SourceDate "2006.11.23"]
[SourceVersion "1"]
[SourceVersionDate "2006.11.23"]
[SourceQuality "1"]

1. e4 c6 2. d4 d5 3. Nc3 dxe4 4. Nxe4 Bf5 5. Ng3 Bg6 6. Nf3 Nd7 7. Nh4 e6 8. Nxg6 hxg6 9. b3 Bd6 10. Bb2 Ngf6 11. Qf3 Qc7 12. 0-0-0 0-0-0 13. Bd3 g5 14. h3 Rhf8 15. Kb1 Qa5 16. Ne4 Nxe4 17. Qxe4 Ba3 18. Qe1 Qxe1 19. Rhxe1 Bxb2 20. Kxb2 Nf6 21. f3 g4 22. hxg4 1/2-1/2